En torno a la traducción: teoría, crítica, historia

Saved in:
Bibliographic Details
Main Author: García Yebra, Valentín (Author)
Format: Book
Language:Spanish
Published: Madrid Gredos 1989
Edition:2a. ed
Series:Biblioteca Románica Hispánica II. Estudios y Ensayos, 328
Subjects:
Tags: Add Tag
No Tags, Be the first to tag this record!

MARC

LEADER 00000nam a2200000 a 4500
001 UCL6660
003 CL-VaPUC
008 040416e19890000SP |||||||||||||||||spa|d
020 |a 8424908953 
082 0 4 |a 418.02  |b GAR  |2 21 
100 |a García Yebra, Valentín  |e author  |9 592146 
245 1 0 |a En torno a la traducción: teoría, crítica, historia 
250 |a 2a. ed 
300 |a 398 p 
942 |c BK 
945 |d 20040416 00:00:00  |a cmena 
260 |a Madrid  |b Gredos  |c 1989 
650 0 |a Traducción   |9 357261 
650 0 |a Lexicografía  |9 321487 
583 |a last modification  |c 20040416 00:00:00  |k Rodrigo Vera 
490 0 |a Biblioteca Románica Hispánica II. Estudios y Ensayos, 328 
999 |c 308651  |d 308649